LEADER 00838cam0-22003011i-450- 001 990006656900403321 005 20090305102154.0 035 $a000665690 035 $aFED01000665690 035 $a(Aleph)000665690FED01 035 $a000665690 100 $a20010426d1972----km-y0itay50------ba 101 0 $aita 102 $aIT 105 $ay-------001yy 200 1 $aManuale di diritto minorile$enozioni generali e competenza civile$fSalvatore Pirrone 210 $aCatania$cCastorina$d1972 215 $a224 p.$d22 cm 610 0 $aMinori$aDiritto 676 $a346.15$v19$zita 700 1$aPirrone,$bSalvatore$0247868 801 0$aIT$bUNINA$gRICA$2UNIMARC 901 $aBK 912 $a990006656900403321 952 $aIV A 93$b20045$fFSPBC 959 $aFSPBC 996 $aManuale di diritto minorile$9612534 997 $aUNINA LEADER 01083nam a2200265 i 4500 001 991000405119707536 005 20020503180155.0 008 010703s1990 it ita 020 $a8834395808 035 $ab10072780-39ule_inst 035 $aLE02515412$9ExL 040 $aFac. Economia$bita 082 0 $a338.74 100 1 $aFandella, Paola$0460399 245 10$aAumento di capitale con delega al consiglio di amministrazione :$beffetti sulla struttura finanziaria dell'impresa e sull'efficienza del mercato dei capitali /$cPaola Fandella 260 $aMilano :$bVita e pensiero,$cc1990 300 $a319 p. ;$c24 cm 490 0 $aTesti universitari 650 4$aAziende$xCapitale$xGestione 907 $a.b10072780$b21-01-19$c27-06-02 912 $a991000405119707536 945 $aLE025 ECO 338.7 FAN01.01$g1$i2025000057289$lle025$nCatalogato 2019$o-$pE0.00$q-$rl$s- $t0$u0$v0$w0$x0$y.i10082049$z27-06-02 996 $aAumento di capitale con delega al consiglio di amministrazione$9195043 997 $aUNISALENTO 998 $ale025$b01-01-01$cm$da $e-$fita$git $h0$i1